000 00689nam a2200277Ia 4500
005 20260324113018.0
008 008 260324s9999 xx 000 0 eng d
020 _a9781032676425
037 _aEBOOK
040 _aCRL
040 _beng
040 _cCRL
041 _2eng
041 _aeng
084 _qCRL
100 _aOleg I. Sukharevsky; Vitaly A. Vasilets
_91145066
245 0 _aScattering Characteristics of Aerial and Ground Radar Objects
260 _bTaylor and Francis
260 _c2024
365 _a
365 _b400
856 _uhttp://www.taylorfrancis.com/books/9781032676425
942 _cEBOOK
999 _c1734487
_d1734487